000 01401cam a22002174a 4500
005 20250605164130.0
008 250528s ||||||||||||||||||||||||d
035 _a18599
020 _a716723875
040 _aGR-AtMCL
_bgre
_dGR-AtMCL
_eAACR2
245 1 _aFundamentals of Human Neuropsychology / Fourth Edition
250 _a4th
260 _bW. H. Freeman And Company,
_c1996
300 _a700
520 _aPreface, Background, The Development of Neuropsychology, Origins of the Human Brain and Behavior, Organization of the Nervous System, Cellular Organization of the Nervous System, The Biochemical Activity of the Brain, Organization of the Sensory Systems, Organization of the Motor Systems, Cortical Organization, Principles of Neocortical Function, Principles of Cerebral Asymmetry, Variations in Cerebral Asymmetry, The Occipital Lobes, The Parietal Lobes, The Temporal Lobes, The Frontal Lobes, Disconnection Syndromes, Higher Functions, Memory, Language, Emotional Processes, Spatial Behavior, Attention and Imagery and Consiousness, Issues and Abnormalities, Development of Function, Learning Disabilities, Recovery of Function, Neurological Disorders, Psychiatric and Related Disorders, Neuropsychological Assessment, Glossary, Insdec of Names and Topics.
700 1 _aKolb Bryan
_94861
700 1 _aWhishaw Ian Q
_94862
942 _cBK
999 _c3948
_d3948